[Event "Vidmar Memorial 20th"]
[Site "Bled"]
[Date "2016.06.24"]
[Round "1"]
[White "Ivanisevic, Ivan"]
[Black "Volokitin, Andrei"]
[Result "0-1"]
[WhiteElo "2643"]
[BlackElo "2624"]
[Annotator "Volokitin,A"]
[PlyCount "116"]
[EventDate "2016.06.24"]
[EventType "tourn"]
[EventRounds "9"]
[EventCountry "SLO"]
[EventCategory "15"]
[SourceTitle "CBM 174"]
[Source "ChessBase"]
[SourceDate "2016.09.13"]
[SourceVersion "1"]
[SourceVersionDate "2016.09.13"]
[SourceQuality "1"]

1. d4 Nf6 2. c4 g6 3. g3 c6 4. Nf3 Bg7 5. Nc3 d5 6. Qb3 O-O 7. Bg2 Qb6 8. O-O
Rd8 {In dieser Stellung hat Weiß sehr viele Pläne:} 9. Na4 {Eine ziemlich neue
Idee. Weiß will die Dame abtauschen. Die andere Zuege sind:} (9. c5) (9. Rd1) (
9. h3) 9... Qxb3 ({Der Zug} 9... Qa6 $6 {gefällt mir nicht:} 10. cxd5 cxd5 11.
Bf4 $36) 10. axb3 Na6 11. Nc3 {Das Endspiel sieht für Schwarz sehr zuverlässig
aus. Es gibt verschiedene Züge. Insgesamt glaube ich nicht, dass Schwarz
irgendwelche Probleme haben kann.} Be6 {Konkret gespielt. Schwarz attackiert
den Bauern c4.} 12. Ra4 Nd7 {Das war meine Idee.} ({Stärker ist wahrscheinlich
} 12... Nc7 13. Bf4 Nfe8 14. Rfa1 a6 {- Schwarz steht sehr fest. Schlecht ist}
15. Rb4 $2 b5 $1 $17) 13. cxd5 $1 Bxd5 ({Nach} 13... cxd5 14. Bf4 $36 {steht
Weiß aktiver.}) 14. Nxd5 cxd5 {Weiß hat das Läuferpaar.} 15. Bg5 Bf6 16. Bxf6
$2 {Ein strategischer Fehler, Weiß musste das Läuferspaar behalten:} (16. Bd2
$1 Nab8 17. e3 Nc6 18. Rc1 e6 19. Ne1 a6 20. Nd3 {und Weiß steht etwas
angenehmer.}) 16... Nxf6 $11 {Jetzt hat Schwarz keine Probleme.} 17. Rfa1 Rd6
$1 {Eine starke Idee. Schwarz kann die schwachen Bauern attackieren.} 18. e3
Rb6 19. R4a3 $6 {Eine seltsame Entscheidung. Es war Zeit, Remis zu machen:} (
19. Bf1 $1 Rxb3 20. Bxa6 bxa6 21. Rxa6 Rxb2 22. Rxa7 $11) 19... Rc8 $1 20. Ne1
$1 {Mit der Idee das Feld c2 zu kontrollieren.} (20. Bf1 $2 Rc2 $36) 20... Ne4
({Flexibler ist} 20... Rcc6 $1 21. Rd1 $1 (21. Bf1 $140 $2 Nb4 $1 22. Rxa7 Nc2
$15) 21... Ne4 $36) 21. Rd1 {Zu passiv. Weiß kann doch Bf1 spielen.} (21. Bf1
$1 $11 Nd2 $140 $2 22. Bxa6 bxa6 23. b4 $1) 21... e6 22. Bf1 Rcc6 {Wegen des
doppelten Bauern auf der b-Linie steht Schwarz etwas angenehmer.} 23. Bd3 $2 {
Ein Fehler.} ({Stärker war} 23. Bxa6 Rxa6 24. Rxa6 Rxa6 25. f3 Nd6 26. Rc1 $11
{und die Partie muss Remis enden.}) 23... Nb4 $1 24. f3 $1 Nd6 $15 25. Rxa7
Nxd3 26. Rxd3 (26. Nxd3 $2 Rxb3 $17) 26... Rc1 27. Kf2 $2 {Noch ein Fehler.} ({
Weiß musste die beste Verteidigung finden:} 27. Kf1 $1 Rb1 28. Ra2 {sondern
strategisch} h5 $1 {mit der Idee g5-g4, um das Feld e4 für den Springer
freizukämpfen} ({und jetzt nicht taktisch} 28... Rc6 $2 29. Rd2 Rcc1 (29... Nf5
30. Re2) 30. Re2) 29. Ke2 g5 $36) {Jetzt kommt eine kleine Kombination mit
einem Zwischenschach:} 27... Rb1 28. Ra2 Ra6 29. Rxa6 Rxb2+ $1 30. Kg1 bxa6 $17
31. g4 ({Nach} 31. Ng2 Kg7 $1 {hat Weiß auch die große Probleme. Zum Beispiel}
32. Rc3 Nb5 33. Rc6 e5 $3 34. dxe5 d4 35. exd4 Nxd4 36. Rf6 a5 $1 37. Nh4 Rxb3
$17 {mit guten Gewinnchancen.}) 31... Nb7 $2 {Zu eilig. Ich musste meine
Stellung noch verbessern mit} (31... Kg7 $1 {Prophylaxis!} 32. Rc3 (32. h4 Nb7
$1 $17) 32... Nb5 33. Rd3 Na3 34. f4 a5 35. g5 Nb5 36. Nf3 Rc2 {und dann mit
der Idee ...Nc3, ...Ne4, ...h5 muss Schwarz allmählich gewinnen.}) 32. Rc3 $1 {
Jetzt hat Weiß genügend Gegenspiel, um Remis zu machen.} Na5 33. Nd3 ({Noch
stärker war} 33. Rc5 $3 Nxb3 {Der Springer steht schlecht auf b3.} 34. Rc8+ Kg7
35. Nd3 Rb1+ 36. Kf2 $44 {mit der Idee Ne5.}) 33... Rxb3 34. Rc8+ Kg7 35. Ne5
$1 Nc4 $8 36. Nxc4 dxc4 37. Kf2 c3 38. Ke2 a5 $2 {Zeitnot.} ({Mehr praktische
Chancen verspricht} 38... Rb2+ $1 39. Kd3 Rf2 $1 (39... Rxh2 40. Rxc3 Ra2 (
40... h5 41. gxh5 gxh5 42. Ra3 h4 43. Rxa6 h3 44. Ke4 Rg2 45. Ra1 h2 46. Rh1
Kg6 47. Ke5 $11) 41. g5 $1 $15) 40. Rxc3 (40. f4 $4 c2 $1 $19) 40... Rxf3 41.
Ra3 Rh3 42. Rxa6 Rxh2 43. g5 h5 44. gxh6+ Rxh6 45. e4 $15 {und dieses Endspiel
muss Weiß halten.}) 39. Kd3 $1 Kf6 $1 ({Nicht} 39... c2+ {wegen} 40. Kd2 $1)
40. h4 {Richtig gespielt. Der Zug 40.Rc3 verliert zwar nicht, ist aber
trotzdem schlecht:} (40. Rxc3 $2 Rxc3+ 41. Kxc3 Ke7 42. Kb3 Kd6 43. e4 Kc7 44.
Ka4 Kb6 45. g5 $1 Ka6 46. h4 Kb6 47. f4 Ka6 48. e5 $1 Kb6 49. d5 $1 exd5 50. f5
gxf5 51. e6 $1 fxe6 52. h5 f4 53. g6 hxg6 54. hxg6 f3 55. g7 f2 56. g8=Q f1=Q
57. Qxe6+ Kc5 $15) 40... h5 41. gxh5 gxh5 42. Rxc3 $4 {Ein unglaublicher
Fehler.} ({Eigentlich hatte Weiß schon alle Probleme gelöst, zum Beispiel} 42.
Kc2 Ra3 (42... Rb2+ 43. Kxc3 Rh2 44. Ra8 Rxh4 45. Rxa5 $11) 43. Rc5 $11) 42...
Rxc3+ 43. Kxc3 Ke7 $19 {Das Bauerendspiel ist für Weiß einfach verloren.} 44.
Kc4 Kd6 45. Kb5 Kd5 46. Kxa5 Kc4 47. Kb6 Kd3 48. Kc5 Kxe3 49. Kd6 Kxd4 $1 50.
Ke7 f5 $1 {Wahrscheinlich hatte mein Gegner ...f5 übersehen.} 51. Kf6 (51. Kxe6
f4 $19) 51... Ke3 52. Kg5 Kxf3 53. Kxh5 Kg3 54. Kg5 f4 55. h5 f3 56. h6 f2 57.
h7 f1=Q 58. h8=Q Qf5+ {Und dann ...Qh3+.} 0-1

[Event "Saint Louis Spring-B"]
[Site "Saint Louis"]
[Date "2019.03.06"]
[Round "5"]
[White "Theodorou, Nikolas"]
[Black "Bai, Jinshi"]
[Result "0-1"]
[WhiteElo "2551"]
[BlackElo "2593"]
[Annotator "Yermolinsky,A"]
[PlyCount "108"]
[EventDate "2019.03.02"]
[EventType "tourn"]
[EventRounds "9"]
[EventCountry "USA"]
[EventCategory "13"]
[SourceTitle "CBM 189"]
[Source "ChessBase"]
[SourceDate "2019.04.29"]
[SourceVersion "1"]
[SourceVersionDate "2019.04.29"]
[SourceQuality "1"]

1. Nf3 Nf6 2. c4 c6 3. g3 d5 4. Bg2 g6 5. O-O Bg7 6. d4 O-O 7. Qb3 Qb6 8. Nc3
Bf5 9. Ne5 Be6 10. Qd1 dxc4 11. Na4 Qd8 12. Nc5 Qc8 13. Qc2 Bh3 14. Qxc4 Bxg2
15. Kxg2 Nbd7 16. Ncd3 Ne4 17. Rd1 Nd6 18. Qa4 Nf5 19. Nxd7 Qxd7 20. Nc5 Qc8
21. Qc4 Rd8 22. Nb3 b5 23. Qc2 Nxd4 24. Nxd4 Bxd4 25. e3 Bf6 26. Rxd8+ Qxd8 27.
e4 Bd4 28. Bh6 c5 29. h4 Qd7 30. Rd1 Qe6 31. b4 Qc4 32. Qxc4 bxc4 33. bxc5 e5 {
[#] A speculative treatment of the opening led White to a troublesome
situation.} 34. f4 {This is a nice attempt to use tactics.} ({Another idea was
} 34. Rb1 Rc8 35. Rb4 c3 36. c6 {and then answer} f5 {with} 37. Rc4 fxe4 38. f4
$1) 34... f6 35. fxe5 fxe5 36. Rf1 Rc8 37. c6 c3 38. Rf8+ {A bit too eager to
secure a draw.} ({There wasn't anything wrong with} 38. c7 c2 39. Rf6 Bb6 (
39... g5 40. Rc6) 40. Kf3 g5 41. Rc6 gxh4 42. Rxc2 hxg3 43. Kxg3 Rxc7 44. Rxc7
Bxc7 45. Kg4 {Obviously, White can never lose this.}) 38... Rxf8 39. Bxf8 Bb6
40. Ba3 Kf7 41. g4 Ke6 42. Kf3 Bd8 {[#]} 43. Ke2 $2 {A critical error.} ({
Instead White could have set up a typical defense combining the powers of his
bishop and the e-pawn to keep the enemy king at bay:} 43. c7 Bxc7 44. Ke2 Bd8
45. h5 gxh5 46. gxh5 Bh4 47. Bc5 a6 48. Kd3 Be1 49. Bb6 $11) 43... Bxh4 44. Kd3
Be1 45. c7 Kd7 46. Bd6 h5 $1 47. gxh5 gxh5 48. Bxe5 h4 49. Bd6 Bg3 $1 {
Everything works like a charm.} 50. e5 Kc8 $1 51. Bc5 h3 52. e6 Kxc7 53. Bxa7
h2 54. Bb8+ Kc6 0-1

[Event "WchT 11th"]
[Site "Khanty-Mansiysk"]
[Date "2017.06.18"]
[Round "2.1"]
[White "Wojtaszek, Radoslaw"]
[Black "Shankland, Samuel L"]
[Result "1-0"]
[WhiteElo "2730"]
[BlackElo "2676"]
[Annotator "Yermolinsky,A"]
[PlyCount "49"]
[EventDate "2017.06.17"]
[EventType "team-tourn"]
[EventRounds "9"]
[EventCountry "RUS"]
[SourceTitle "CBM 179"]
[Source "ChessBase"]
[SourceDate "2017.07.12"]
[SourceVersion "1"]
[SourceVersionDate "2017.07.12"]
[SourceQuality "1"]
[WhiteTeam "Poland"]
[BlackTeam "US of America"]
[WhiteTeamCountry "POL"]
[BlackTeamCountry "USA"]

1. d4 Nf6 2. c4 g6 3. g3 c6 4. Nf3 Bg7 5. Bg2 d5 6. Nbd2 {A quiet line.} O-O 7.
O-O a5 8. b3 Ne4 ({The main position of this line is reached after} 8... a4 9.
Ba3 Re8 10. e3 {Radoslaw has played it before, without particular success,
losing to Ivanchuk and Sjugirov in 2015. Likely, he had some improvement
prepared.}) 9. e3 Bg4 ({Previously seen was} 9... Bf5 10. Bb2 a4 {mainly in
the games of Predrag Nikolic, one of the first people to regularly employ this
variation as White.}) (9... a4 10. cxd5 cxd5 11. Nxe4 dxe4 12. Ng5 f5 13. bxa4
{may offer White a little bit of something.}) 10. Ba3 ({I assume the point of
Shankland's novelty was to provoke} 10. h3 {then Black returns to the main
line,} Bf5 11. Bb2 a4 {and is ready to meet} 12. g4 $2 {with} a3) 10... b5 $6 {
A novel approach. Such ideas are commonly played against more modern White
setups, such as the Reti. Here White is pretty solid in the centre, so I'm not
sure I'd give it my support.} 11. cxd5 ({An interesting try was} 11. Qc1 b4 12.
Bb2 Bf5 13. Nh4 Nxd2 14. Qxd2 Be6 15. a3 $5) 11... cxd5 12. Qc1 b4 ({The line} 
12... Bf5 13. Ne5 b4 14. Bb2 Na6 15. Nxe4 Bxe4 (15... Rc8 $5 16. Nxf7 Rxf7 17.
Nc5) 16. Bxe4 dxe4 17. Qc6 {illustrates the probelm on the c-file Black
created for himself with his brash 11...b5}) 13. Bb2 Na6 {This looks very
awkward considering Black's structure on the queenside. The knight obviously
has no prospects on a6.} (13... Nd7 14. Nxe4 dxe4 15. Ng5 a4 16. bxa4 Nb6 17.
Nxe4 Nxa4 18. Qd2 {it doesn't seem Black has enough here.}) (13... Nxd2 14.
Qxd2 Nd7 15. Ne5 Nxe5 16. dxe5 Be6 17. Rac1 Rc8 18. Qd4 {is clearly better for
White.}) 14. Nxe4 dxe4 15. Ng5 e5 {This is what Sam was counting on. Indeed,
Black will get his pawn back, but the resulting position turned out to be
plain bad for him.} 16. Nxe4 exd4 17. Bxd4 Bxd4 18. exd4 Qxd4 19. Qg5 {The
difference between White's well-organised army and Black's scattered forces is
striking.} Be2 20. Rfe1 Rac8 21. Rac1 $2 (21. Qf6 {was winning on the spot:}
Qxf6 22. Nxf6+ Kg7 23. Rxe2 Kxf6 24. Bb7) 21... Qb2 $2 ({However bad} 21...
Rxc1 22. Qxc1 (22. Rxc1 f5 {and Black is fighting}) 22... Bd3 23. Rd1 Kg7 {
might have looked to Sam, he still had to accept this position.}) 22. Rxc8 Rxc8
23. Nd6 $1 {The f7-pawn falls, and it's curtains.} Rf8 24. Qe7 Bh5 25. Bd5 1-0